000 00438nam a22001817a 4500
003 MPLRDC
005 20220104142857.0
008 210129b ||||| |||| 00| 0 eng d
082 _a179.8 QSZ
100 _a邱素臻译
245 _a成功的性格计算法
_c
250 _a初版
260 _a
_b弘业文化实业股份有限公司
_c1977
300 _b
490 _a弘业丛书;3
650 _a
942 _cBK
_o179.8 QSZ
999 _c34468
_d34458